000 01332nam2a22003371 4500
001 v19\rc\1894912
005 20251118180510.6
035 _a(NLR Aleph) 004989859
090 _a6274370
_c6274370
100 _a20080221d1911 u y0rusy50 ca
101 1 _arus
_cger
102 _aRU
105 _aa z |||||
200 0 _aКн. 1
_e(1600-1789)
_fПер. с нем. Э. Пименовой
210 _d1911
215 _a444 с., 70 л. ил.
461 0 _1001v19\rc\1894911
_12001#$aБлестящая Европа$eКн. 1-$fА. фон Глейхен-Руссвурм$vКн. 1
_1700#1$aГлейхен-Руссвурм$bА. фон$f1865-$gАлександр фон$6z01790
_96274363
_aГлейхен-Руссвурм, А. фон (1865-)
_cМосква
_d1911
_fА. фон Глейхен-Руссвурм
_nСфинкс
_oКн. 1-
_tБлестящая Европа
_vКн. 1
702 1 _aПименова
_bЭ.К.
_f1854-1935
_gЭмилия Кирилловна
_4730
801 0 _aRU
_bNLR
_gpsbo
801 0 _aRU
_bRuMoRGB
_2psbo
801 1 _aRU
_bProSoft-M
_2rusmarc
852 _aNLR
_j130/2139
852 _aNLR
_j37.31.3.35(т. 3)
899 _aБАН
899 _aНБ СПбГУ
899 _aГПИБ
899 _aRuMoRGB
_jB 24/60
899 _aRuMoRGB
_jU 456/275
899 _aRuMoRGB
_jU 304/101
942 _cBOOK
980 _aNB